| 000 | 00746nam a22002297a 4500 | ||
|---|---|---|---|
| 999 |
_c15151 _d15151 |
||
| 003 | AR-CdUCM | ||
| 008 | 190426b ||||| |||| 00| 0 spa d | ||
| 020 | _a978-84-675-2202-0 | ||
| 040 |
_aMUNICIPALIDAD PROVINCIAL DEL CUSCO _cBIBLIOTECA MUNICIPAL DEL CUSCO |
||
| 082 |
_24ed. _aPI / 376.12 / _bM79 |
||
| 100 |
_aMoroney, Trace _933288 |
||
| 245 | _aCuando me siento querido / | ||
| 260 |
_aMadrid : _bSM, _c2016. |
||
| 300 |
_c21cm. _bIlustración |
||
| 500 | _aTitulo original : When i´m feeling loved. Texto no cuenta con numeración de página. | ||
| 650 |
_aEntretenimiento _915681 |
||
| 650 |
_a3 años _934170 |
||
| 650 |
_aInfancia _95236 |
||
| 700 |
_aTellechea, Teresa _934171 |
||
| 942 |
_2ddc _cLIBROS |
||
| 945 |
_arah _d26/04/2019 |
||